Score 0/22 Timer 05:00
0 Plays Today
% Correct
Hanger
97.5%
Hershey's Bar
96.3%
Flashlight
94.5%
Pig
93.3%
Toy Skateboard
92%
Cupcake
87.7%
Batteries
87.7%
Toothbrush
87.7%
Banana
86.5%
Potato
86.5%
Pen
86.5%
% Correct
Salt Shaker
86.5%
Pancakes
85.9%
Waffle
84.7%
McDonald's Happy Meal
83.4%
Teapot
82.8%
Toilet Paper
79.8%
Strainer
79.1%
Tape Measure
77.9%
Menu
76.1%
Cardboard Tube
55.8%
Dr. Seuss Erasers
35.6%
Remove Ads.
Support Sporcle.
Get the best of Sporcle when you Go Orange. This ad-free experience offers more features, more stats, and more fun while also helping to support Sporcle. Thank you for becoming a member.

You're not logged in!

Compare scores with friends on all Sporcle quizzes.
OR
Log In

Show Comments

Extras

Top Quizzes Today


Score Distribution

Your Account Isn't Verified!

In order to create a playlist on Sporcle, you need to verify the email address you used during registration. Go to your Sporcle Settings to finish the process.

Report this User

Report this user for behavior that violates our Community Guidelines.

Details: